000 00546nam a2200205Ia 4500
005 20250508170020.0
008 008 250505s9999 xx 000 0 hin d
020 _a978-93-80458-09-0
037 _aTextual
040 _aFEDL
_beng
_cFEDL
041 _ahin
_2eng
084 _a305.8, GUP
_qFEDL
100 _aGupta Ramnika
245 0 _aAadivasi asmita ka sankat
260 _aNew Delhi, India
_bSamayik Prakashan
_c2014
300 _a160p.
365 _aINR
_b150
942 _cTEXL
_h305.8, GUP
999 _c1398693
_d1398693